02515cam a2200289Ma 4500001001300000005001700013008004100030020001500071020001800086035002000104040004400124041000800168100002700176240008900203245013700292260004200429300001800471490001400489504005300503520145600556650002902012650001502041650001902056650004002075765007102115700003902186ocm55844606 20200305161124.0170302s2004 sp frb 001 0 spa d a8484325490 a9788484325499 a(OCoLC)55844606 aCo-BoUCMbspacSaul NiñodSaul Niño1 aspa1 aRees, Martin J.d1942-10aOur final hour. A scientist's warning: How terror, error, and environmental disaster10aNuestra hora finalbserá el siglo XXI el último de la humanidadcMartin Rees ; traducción castellana de Joan Lluís Riera Rey aBarcelona (España)bCríticac2004 a222 páginas0 aDrakontos aIncluye referencias bibliográficas e índices aGracias a la ciencia y la tecnología vivimos mejor, mucho mejor de cómo vivian nuestros antepasados, y estamos sometidos a innumerables menos mitos e ignorancias de aquellas que ellos padecían. Habremos llegado, sin embargo, a un punto, en nuestros desarrollos científicos y tecnológicos, en el que la luz roja de "Peligro. No atravesar" se ha encendido? Una luz roja que si se transgrede puede poner en riesgo nuestra propia existencia como especie. Esta es la pregunta que se formula y analiza en este libro el eminente astrofísico y cosmólogo británico Martín Rees. La ciencia, señala Rees, está avanzando a un ritmo tan rápido que puede conducir, si no la controlamos, a la desaparición de nuestra especie durante el siglo XXI. Sin embargo, un elemento que ha permanecido sin cambiar a lo largo de los siglos ha sido la naturaleza humana. Pero en el siglo XXI medicamentos, modificaciones genéticas y acaso implantes de silicio en el cerebro cambiarán a los propios seres humanos, sus mentes y actitudes, incluso sus físicos". No es este libro una obra alarmista, que busca -como han hecho otros- predisponer a una parte importante de la sociedad en contra de la ciencia. Todo lo contrario. Su autor es un científico que ama su profesión y que únicamente pretende que la investigación científica no deje de ser lo que hasta el presente mayoritariamente ha sido: un maravilloso bien para nuestra especie. ? 7aPredicciones ysiglo XXI 7aDesastres  7aFin del mundo  7aCambio cultural xAspectos sociales aA scientist's warning: how terror, error, and eviromental disaster1 aRiera Rey, Joan Lluísetraductor